Appraisal exports industry in India: a study of problems, prospects and role of government policies (Record no. 501313)

000 -LEADER
fixed length control field 00478cam a22001337a 4500
008 - FIXED-LENGTH DATA ELEMENTS--GENERAL INFORMATION
fixed length control field 180718b1982 xxu||||| |||| 00| 0 eng d
082 ## - DEWEY DECIMAL CLASSIFICATION NUMBER
Classification number APPPA 81-82 SAC
100 ## - MAIN ENTRY--PERSONAL NAME
Personal name Sachdeva, V.K.
245 ## - TITLE STATEMENT
Title Appraisal exports industry in India: a study of problems, prospects and role of government policies
Statement of responsibility, etc. by V.K. Sachdeva
260 ## - PUBLICATION, DISTRIBUTION, ETC.
Place of publication, distribution, etc. New Delhi
Name of publisher, distributor, etc. Indian Institute of Public Administration
Date of publication, distribution, etc. 1982
300 ## - PHYSICAL DESCRIPTION
Extent 115p.
650 ## - SUBJECT ADDED ENTRY--TOPICAL TERM
Topical term or geographic name entry element Government policies
650 ## - SUBJECT ADDED ENTRY--TOPICAL TERM
Topical term or geographic name entry element Exports industry-India
Holdings
Withdrawn status Lost status Damaged status Not for loan Permanent Location Current Location Date acquired Full call number Barcode Date last seen Price effective from Koha item type
        Indian Institute of Public Administration Indian Institute of Public Administration 2018-08-04 APPPA 81-82 SAC GR10927 2018-08-04 2018-08-04 GR

Powered by Koha